Classic Rock Radio Most Played Artists - Statistics

General Stats
  • This quiz has been taken 135 times
  • The average score is 11 of 25
Answer Stats
Rank Artist % Correct
9 The Beatles
83%
3 The Rolling Stones
82%
1 Led Zeppelin
77%
6 AC/DC
72%
10 Queen
62%
13 Eagles
60%
4 Pink Floyd
59%
15 The Who
59%
7 Aerosmith
58%
19 The Doors
50%
20 Fleetwood Mac
47%
2 Van Halen
45%
11 Journey
44%
22 Lynyrd Skynyrd
43%
23 Def Leppard
40%
12 Boston
37%
21 Rush
32%
24 U2
32%
14 Foreigner
27%
5 Tom Petty & The Heartbreakers
27%
8 ZZ Top
25%
16 The Cars
23%
25 Heart
20%
18 Steve Miller Band
16%
17 Bad Company
12%
No matching quizzes found
Score Distribution
Percent of People with Each Score
Percentile by Number Answered
Your Score History
You have not taken this quiz